Всеподданнейший доклад Лорис-Меликова М. Т. с препровождением списка лиц, приславших императору Александру III приветствия

RUSMARC
00005183nac2a22003373x 450
001a4b55b56-78f5-4eea-9aec-3ca49664a239
00520240723153139.0
100##$a20240716l1881 k y0rusy50 ca
1010#$arus
102##$aRU
105##$ay z |||||
1220#$ad18810427
2001#$aВсеподданнейший доклад Лорис-Меликова М. Т. с препровождением списка лиц, приславших императору Александру III приветствия
$j27 апреля 1881
215##$a1 лист
$d37,5 х 24,4
251##$cДело
300##$aЗаголовок дела на папке: Всеподданнейший доклад Лорис-Меликова М. Т. с препровождением списка лиц, приславших Александру III приветствия
300##$aРукописный и типографский текст
330##$aВходит в раздел описи: Разные материалы
461#0$1001cda3d175-ae4a-411a-8dea-9cc20fb178f6
$12001
$aЛорис-Меликов Михаил Тариелович, граф, министр внутренних дел, главный начальник "верховной распорядительной комиссии по охранению государственного порядка и общественного спокойствия", генерал от кавалерии
$1251
$cФонд
$1852
$j569
462#0$1001163e060a-d7cc-404d-90ee-e28c9801971b
$12001
$aОпись дел фонда М. Т. Лорис-Меликова за 1858-1915 гг.
$vД. 302
$1251
$cОпись
$1852
$j1
5171#$aВсеподданнейший доклад Лорис-Меликова М. Т. с препровождением списка лиц, приславших Александру III приветствия
600#0$aАлександр
$cимп.
$dIII
600#1$aЛорис-Меликов
$bМ. Т.
$gМихаил Тариелович
605##$3DITM\AF\0000002775
$aВласть
$lколлекция
$2acquisition_prlib
6101#$aСписок лиц
$aПриветствия Александру III
686##$a63.3(2)535-332ю1
$cИстория
$2rubbk
686##$a67.400.6ю1
$cПраво
$2rubbk
700#1$aЛорис-Меликов
$bМ. Т.
$gМихаил Тариелович
801#0$aRU
$bGA_RF
801#1$aRU
$bГлавНИВЦ
$c20240716
$2rusmarc
801#2$aRU
$bПБ им. Б.Н. Ельцина
$c20240723
$gRCR
$2rusmarc
852##$aГА РФ
$j302
937##$d193081676
$hГАРФ
035##$aRuPRLIB51076814
856##$uhttp://readingroom.main.prlib.ru/item.aspx?id_node=n193081676&mode=full
Формат отображения